A new professionalism?: challenges and opportunities /
Bewaard in:
| Hoofdauteur: | |
|---|---|
| Formaat: | Texto |
| Tags: |
Voeg label toe
Geen labels, Wees de eerste die dit record labelt!
|
MARC
| LEADER | 00000 a a2200000 04500 | ||
|---|---|---|---|
| 001 | 45298 | ||
| 003 | |||
| 040 | |||
| 100 | |a Evetts, Julia | ||
| 245 | |a A new professionalism?: |b challenges and opportunities / |c Julia Evetts | ||
| 500 | |a julia.evetts@nottingham.ac.uk | ||
| 773 | |g volumen59, número4 ( , 2011), páginas 406-422 | ||
| 999 | |c 37302 |d 37302 | ||
